000 00467nam a2200193Ia 4500
003 0100
008 130227s9999 xx 000 0 und d
040 _cARRUPELIB
050 _aBX830.1962A8B639
100 _aBlanshard, Paul
245 _aPaul Blanshard on Vatican II
260 _aBoston
260 _bBeacon Press
260 _C1966
300 _a371p
300 _b 20cm
650 _bEnglish language-composition, english language-usage
942 _2lcc
_02
999 _c356
_d356